Online Catalogue and eLibrary

Aadima yugaye baoudda kanthawo (Record no. 879)

MARC details
000 -LEADER
fixed length control field 00425nam a2200157Ia 4500
005 - DATE AND TIME OF LATEST TRANSACTION
control field 20250514014751.0
008 - FIXED-LENGTH DATA ELEMENTS--GENERAL INFORMATION
fixed length control field 240331s9999 xx 000 0 und d
020 ## - INTERNATIONAL STANDARD BOOK NUMBER
ISBN 9552032512
082 ## - DDC Classification
Class No. 294
Item Number - Author Mark ABA
100 ## - MAIN ENTRY--PERSONAL NAME
Personal name Abayasundara, V
245 #0 - TITLE STATEMENT
Title Aadima yugaye baoudda kanthawo
260 ## - PUBLICATION, DISTRIBUTION, ETC.
Place of publication, distribution, etc. Colombo
Name of publisher, distributor, etc. S Godake & Brothers
Date of publication, distribution, etc. 1999
300 ## - PHYSICAL DESCRIPTION
Extent (e.g. Volumes, Pages etc.) 184 p .,
500 ## - GENERAL NOTE
General note A Book About Ancient Buddhist Women's in Sri Lanka
942 ## - Koha item type (Biblio)
Koha item type Books in Stacks (Lending)
Holdings
Lost status Damaged status Collection code Home library Current library Shelving location Date acquired Full call number Accession Number Item type
    Lending WERC Library WERC Library Social Science Cupboard 03/31/2024 294 ABA 4778 Books in Stacks (Lending)

© WERC Library